| 000 | 01254cam a22003497a 4500 | ||
|---|---|---|---|
| 003 | CHAP | ||
| 005 | 20220329142122.0 | ||
| 008 | 990816d1999 mx r 00110 spa d | ||
| 010 | _a78731 | ||
| 011 | _a79703 | ||
| 035 | _a90096 | ||
| 040 | _cCHAP | ||
| 090 | _aTesis | ||
| 100 | 0 | 0 |
_aLozano Torres, Diógenes. _968804 |
| 245 | 1 | 3 |
_aLa comercialización de hortalizas en el Valle del Mezquital, estado de Hidalgo _c/por Diógenes Lozano Torres |
| 260 |
_aChapingo, Méx. : _bEl autor, _c1999. |
||
| 300 |
_a114 h. : _banexos |
||
| 502 | _aTesis (Ing. Agr. Esp. en Economía Agrícola) -- UACH. División de Ciencias Económico Administrativas | ||
| 590 |
_aALEPH _b10 _c20130110 _lUCH01 _h1430 |
||
| 590 |
_aBATCH-UPD _b10 _c20130110 _lUCH01 _h1948 |
||
| 590 |
_aBATCH-UPD _b10 _c20130410 _lUCH01 _h1310 |
||
| 590 |
_aBATCH-UPD _b10 _c20130914 _lUCH01 _h1719 |
||
| 590 |
_aCONVERSION _b10 _c20130109 _lUCH01 _h1344 |
||
| 650 | 1 | 4 |
_aLegumbres _xHidalgo. _965728 |
| 650 | 1 | 4 |
_aLegumbres _xMercadeo. _965740 |
| 901 | _aBK | ||
| 905 | _aLilia Sánchez G. | ||
| 942 | _cFOLL | ||
| 949 |
_bBC _cTES _d33724000716171 _eTS2 _fc.2 _h34238 _i90096 _sb |
||
| 949 |
_bBC _cTES _d33724000761763 _eTS2 _fc.3 _h35802 _i90096 _sb |
||
| 949 |
_bBC _cTES _d900961 _eTS1 _h34237 _i90096 _sb |
||
| 999 |
_c78731 _d78731 |
||